Estudio de optimización del tratamiento térmico de la leche de coco

Guardado en:
Bibliografiske detaljer
Hovedforfatter: Ramírez Alfaro, Alvaro Enrique
Format: Bog
Udgivet: San José, Costa Rica 1992
Fag:
Tags: Tilføj Tag
Ingen Tags, Vær først til at tagge denne postø!

MARC

LEADER 00000nam a2200000Ia 4500
003 005584
005 20221231144318.0
008 140114s1992 cr a m 000 ||s d
040 |c cru CEDI 
090 |a TFG 2691 
100 |a Ramírez Alfaro, Alvaro Enrique  |9 12195 
245 |a Estudio de optimización del tratamiento térmico de la leche de coco 
260 |c 1992  |a San José, Costa Rica 
300 |a  171 hojas : ilustraciones ; 29 cm.  
500 |a  Proyecto de graduación (licenciatura en ingeniería química)--Universidad de Costa Rica. Facultad de Ingeniería. Escuela de Ingeniería Química 
650 |x AGUA DE COCO   |x  ESTERILIZACION   |x ESTERILIZACION TERMICA  |9 12196 
942 |c TFG  |2 ddc 
999 |c 19986  |d 19986